000 00522nam a2200181Ia 4500
005 20250508151717.0
008 008 250505s9999 xx 000 0 eng d
037 _aTextual
040 _aFEDL
_beng
_cFEDL
041 _aeng
_2eng
084 _aEA, REA
_qFEDL
100 _aRead Herbert
245 0 _aGrass roots of art: Lectures on the social aspects of art in and industrial age
260 _aLondon, UK
_bFaber and Faber Ltd.
300 _a160p
942 _cTEXL
_hEA, REA
999 _c1331601
_d1331601